00823cam a2200277 a 45000010005000000030006000050050017000110080041000280100017000690200015000860200027001010400023001280500014001510820012001651000019001772450048001962600035002443000062002795050008003415200092003495210017004415210019004586500028004776500020005056500020005255865FISKH20250827090855.0830801s1984 nyua j 000 1 eng  a 83017196  a0688027970 a0688027989 (lib. bdg.) aDLCcDLCdDLCbeng aPZ7.T117  a813.54 1 aTafuri, Nancy.10aHave you seen my duckling? /cNancy Tafuri. aNew York :bScholastic,c1984. a25 unnumbered pages :bcolor illustrations ;c21 x 26 cm. aaa  aA mother duck leads her brood around the pond as she searches for one missing duckling.8 a20 bLexile 8 aaa bRaz-Plus  1aLost childrenxFiction. 1aDucksxFiction. 1aPondsxFiction.